000 00399nam a2200133Ia 4500
008 100328s9999 xx 000 0 und d
082 _b17442
100 _aरंजीत कर्नल
245 _aखून के छींटे
260 _bशिक्षा भारती
630 _aखून के छींटे
730 _aखून के छींटे
942 _cBOOK
999 _c512017
_d512014